CATIA for engineers & designers V5R13 (Record no. 70016)

000 -LEADER
fixed length control field 00440nam a22001697a 4500
003 - CONTROL NUMBER IDENTIFIER
control field NUST - PNEC
005 - DATE AND TIME OF LATEST TRANSACTION
control field 20170116181132.0
008 - FIXED-LENGTH DATA ELEMENTS--GENERAL INFORMATION
fixed length control field 150829b xxu||||| |||| 00| 0 eng d
020 ## - INTERNATIONAL STANDARD BOOK NUMBER
International Standard Book Number 9788131726662
040 ## - CATALOGING SOURCE
Transcribing agency LIBRARY
082 ## - DEWEY DECIMAL CLASSIFICATION NUMBER
Classification number 670.2855369 TIC
100 ## - MAIN ENTRY--PERSONAL NAME
9 (RLIN) 5988
Personal name Tickoo, Sham
245 ## - TITLE STATEMENT
Title CATIA for engineers & designers V5R13
Statement of responsibility, etc. Sham,Tickoo
260 ## - PUBLICATION, DISTRIBUTION, ETC.
Date of publication, distribution, etc. c 2009
650 ## - SUBJECT ADDED ENTRY--TOPICAL TERM
9 (RLIN) 5989
Topical term or geographic name entry element Computer graphics
General subdivision ME
942 ## - ADDED ENTRY ELEMENTS (KOHA)
Source of classification or shelving scheme
Koha item type Book
Holdings
Withdrawn status Lost status Source of classification or shelving scheme Damaged status Not for loan Permanent Location Current Location Shelving location Date acquired Total Checkouts Full call number Barcode Date last seen Price effective from Koha item type
          Pakistan Navy Engineering College (PNEC) Pakistan Navy Engineering College (PNEC)       670.2855369 TIC PNECLIB-026858 10/06/2015   Book
© 2023 Central Library, National University of Sciences and Technology. All Rights Reserved.